England Opponents - Statistics

General Stats
  • This quiz has been taken 2,842 times
    973 since last reset
  • The average score is 76 of 97
Answer Stats
# Opponent First Match % Correct
9 France 1923
97%
31 Brazil 1956
96%
3 Ireland 1882
96%
23 Republic of Ireland 1946
96%
12 Spain 1929
96%
27 United States 1950
96%
30 West Germany 1954
96%
28 Argentina 1951
95%
24 Portugal 1947
95%
1 Scotland 1872
95%
10 Sweden 1923
95%
13 Germany 1930
94%
80 Russia 2007
94%
2 Wales 1879
94%
50 Canada 1986
93%
14 Italy 1933
93%
34 Mexico 1959
93%
44 Australia 1980
92%
17 Netherlands 1935
92%
18 Norway 1937
92%
7 Belgium 1921
91%
25 Denmark 1948
91%
19 Finland 1937
91%
62 Japan 1995
91%
4 Austria 1908
89%
63 Croatia 1996
88%
48 Egypt 1986
88%
5 Hungary 1908
88%
38 Poland 1966
88%
71 Slovakia 2002
88%
67 South Africa 1997
88%
15 Switzerland 1933
88%
26 Chile 1950
87%
64 China 1996
87%
39 Colombia 1970
87%
42 Greece 1971
87%
57 New Zealand 1991
87%
96 Serbia 2024
87%
83 Slovenia 2009
87%
70 South Korea 2002
87%
8 Northern Ireland 1921
86%
69 Ukraine 2000
86%
29 Uruguay 1953
86%
11 Luxembourg 1927
85%
47 Turkey 1984
85%
68 Czechia 1998
84%
45 Iceland 1982
84%
97 Latvia 2025
84%
33 Peru 1959
84%
22 Romania 1939
84%
79 Estonia 2007
83%
89 Lithuania 2015
83%
60 San Marino 1993
83%
78 Andorra 2006
82%
51 Morocco 1986
82%
35 Bulgaria 1962
81%
93 Iran 2022
81%
32 Soviet Union 1958
81%
84 Algeria 2010
80%
52 Paraguay 1986
80%
54 Albania 1989
79%
95 Bosnia and Herzegovina 2024
79%
82 Belarus 2008
78%
85 Montenegro 2010
78%
74 Serbia and Montenegro 2003
78%
21 Yugoslavia 1939
78%
73 Liechtenstein 2003
77%
90 Panama 2018
77%
61 Nigeria 1994
76%
72 North Macedonia 2002
76%
40 Ecuador 1970
75%
53 Saudi Arabia 1988
75%
88 Costa Rica 2014
73%
49 Israel 1986
73%
91 Kosovo 2019
73%
65 Moldova 1996
73%
55 Tunisia 1990
73%
41 Malta 1971
72%
94 Senegal 2022
72%
56 Cameroon 1990
70%
86 Ghana 2011
70%
76 Jamaica 2006
68%
43 Cyprus 1975
66%
16 Czechoslovakia 1934
66%
87 Honduras 2014
64%
36 East Germany 1963
63%
66 Georgia 1996
62%
92 Ivory Coast 2022
60%
81 Kazakhstan 2008
57%
75 Azerbaijan 2004
56%
77 Trinidad and Tobago 2006
47%
46 Kuwait 1982
35%
58 Malaysia 1991
31%
59 Commonwealth of Independent States 1992
4%
37 Rest of the World FIFA 1963
4%
6 Bohemia 1908
3%
20 Rest of Europe UEFA 1938
3%
No matching quizzes found
Score Distribution
Percent of People with Each Score
Percentile by Number Answered
Your Score History
You have not taken this quiz since the last reset